Biblioteca

El Misionero : (Registro nro. 52234)

Detalles MARC
000 -LÍDER
Campo fijo de descripción fija 01159aab a2200193 i 4500
001 - NÚMERO DE CONTROL
Campo de control 768714001
003 - IDENTIFICADOR DEL NÚMERO DE CONTROL
Campo de control CO-MdFUSB
005 - FECHA Y HORA DE LA ULTIMA TRANSACCIÓN
control field 20240422141745.0
008 - ELEMENTOS DE LONGITUD FIJA -- INFORMACIÓN GENERAL
Campo fijo de descripción fija -- Información general 221103s1997 ag ||||| |||| 00| 0 spa d
040 ## - FUENTE DE CATALOGACIÓN
Idioma de catalogación spa
Agencia que realiza la transcripción CO-MdFUSB
Agencia que realiza la modificación CO-MdFUSB
041 ## - CÓDIGO DE IDIOMA
Código de idioma para texto/pista de sonido o título separado spa
100 1# - ASIENTO PRINCIPAL--NOMBRE PERSONAL
Nombre personal Abel, Marcelo
Término relacionador autor
245 13 - TÍTULO
Título El Misionero :
Subtitulo siervo y aprendiz
Mención de responsabilidad / Marcelo Abel
300 ## - DESCRIPCIÓN FÍSICA
Extensión Volumen 16, número 1 (enero - marzo, 1997), páginas: 24 - 26
Dimensiones ; 27 cm
520 ## - NOTA DE RESUMEN, ETC.
Nota de sumario, etc. Algunas verdades que hemos aprendido de compartir varios años con los indigenas del norte argentino:<br/>-No sabelotodo sino aprendiz: aprendimos de los nativos que el misionero debe ir al campo de labor como aprendiz de la cultura y del idioma. <br/>-No aislado sino en equipo: Aprendimos de los indígenas el valor de trabajar en equipo. EL individualismo hace mucho daño a los misioneros y a los pueblos que ellos sirven.<br/>-No materialista sino generoso: Aprendimos de los indígenas que el verdadero cristiano no es materialista.
650 #7 - ASIENTO SECUNDARIO DE MATERIA - TERMINO TEMÁTICO
9 (RLIN) 931
Término temático o nombre geográfico como elemento de entrada Misioneros
773 0# - ASIENTO DE ITEM FUENTE
Título Iglesia y Misión
Biblionumber 49402
Itemnumber 59638
Parte(s) relacionada(s) / Volumen., número. (mes año), páginas Volumen 16, número 1 (enero - marzo, 1997), páginas: 24 - 26
Enumeración y primera página Páginas: 24
942 ## - TIPO DE MATERIAL (KOHA)
Tipo de Item KOHA Artículos de Revista

No hay ítems disponibles.

Biblioteca FUSBC | Teléfono: (57+4) 349 88 10 Ext. 141| WhatsApp (+57) 3005338115 
E-mail: biblioteca@unisbc.edu.co | Calle 76 87-14 Robledo Palenque, Medellín, Colombia

Con tecnología Koha